000 00859nam a2200193 a 4500
001 BRCA_8379
005 20190320210245.0
008 170608s2011----mx-a######---#000-0#spa-#
050 4 _aPQ6335
_b.B69 2011
100 1 _aBoy Ojeda, Irma Esperanza
_920993
245 1 0 _aAnálisis comparativo de la dispositio en la diagramación de páginas de las ediciones de 1780 y de 1782 de El ingenioso hidalgo Don Quixote de la Mancha de Miguel de Cervantes Saavedra y diseño editorial del documento para su presentación.
260 _aEstado de México
_c2011
300 _axxxiv, 125 p.
_bil.
_c21 cm.
502 _aTrabajo aplicativo (Maestro en Diseño Editorial) Universidad Anáhuac, Escuela de Diseño
600 1 4 _aCervantes Saavedra, Miguel de
_d1547-1616
_9213
740 0 _aEl Ingenioso Hidalgo Don Quijote de la Mancha
902 _aTES
942 _2lcc
_cTES
999 _c8047
_d8047